As meninas exemplares (Registo nº 2136)

Detalhes MARC
000 -Etiqueta do registo
Cabeçalho 00754nam a22002531 4500
005 - Identificador da versão
Campo de controlo 20240813121925.0
095 ## -
-- PTBN00043000
021 ## - Número do Depósito Legal
Código do país PT
Número 6014/84
100 ## - Dados gerais de processamento
Dados gerais de processamento 19960510d1984 da y0pory5003 ba
102 ## - Pais de publicação ou produção
País de publicação Portugal
101 1# - Língua de publicação
Língua do texto, banda sonora, etc. Português
Língua do documento no original Francês
215 ## - Descrição física 
Indicação específica da natureza do documento e extensão da espécie 192 p.
Outras indicações físicas il.
Dimensões 18 cm
200 1# - Titulo e menção de responsabilidade
Título próprio As meninas exemplares
Primeira menção de responsabilidade Condessa de Séguer
Outras menções de responsabilidade il. de Jobbé-Duval
225 2# - Colecção 
Título próprio da colecção Condessa de Ségur
Indicação de volume 4
210 ## - Publicação, Distribuição, etc. 
Lugar da edição, distribuição, etc. Lisboa
Nome do editor, distribuidor, etc. Pública
Data da publicação, distribuição, etc. 1984
606 ## - Nome comum usado como assunto
Número de registo de entrada de autoridade 0000229
Palavra de ordem Literatura estrangeira infanto-juvenil
Subdivisão de assunto Romance de aventuras
675 ## - Classificação Decimal Universal (CDU)
Notação 82-311.3
Edição
Língua da edição por
702 #0 - Nome de autor-pessoa física (responsabilidade secundária)
Número de registo de entrada de autoridade 0000908
Palavra de ordem Jobbé-Duval
Código de função Ilustrador / Técnico de desenho computorizado
700 #0 - Nome de autor-pessoa física (responsabilidade principal)
Número de registo de entrada de autoridade 0000907
Palavra de ordem Ségur
Elementos de identificação ou distinção Condessa de
Datas 1799-1874
942 ## - Elementos de entrada adicionados (Koha)
Tipo de item no Koha Livro
Exemplares
Situação do levantamento Origin of item (home branch) (coded) Biblioteca de empréstimo Código de barras Cota Circulation type (not for loan) Tipo de documento Nota do exemplar Damaged status
  Biblioteca Escolar da Coca Maravilhas Biblioteca Escolar da Coca Maravilhas BECM3257/96 8EST SEG   Livro Sem mensagem